[Event "Rated Blitz game"]
[Site "?"]
[Date "2021.06.29"]
[Round "?"]
[White "Jero_el_siniestro"]
[Black "annaly1979"]
[Result "0-1"]
[WhiteElo "2524"]
[BlackElo "2431"]
[PlyCount "84"]
[EventDate "2021.??.??"]
[EventType "blitz"]

1. e4 e5 2. Nf3 d5 3. Nxe5 Qe7 4. d4 f6 5. Nd3 Nc6 6. c3 Bf5 7. Be2 Bxe4 8. O-O
Qf7 9. Nd2 Bf5 10. b4 Bd6 11. Nc5 Bxc5 12. bxc5 Nge7 13. Nf3 O-O 14. Re1 Be4
15. Bd3 f5 16. Bb5 a6 17. Bxc6 Nxc6 18. Bf4 h6 19. Ne5 Nxe5 20. Bxe5 f4 21. f3
Bf5 22. Qb3 c6 23. Re2 Bd3 24. Rd2 Bc4 25. Qb6 Rfe8 26. Re1 Re7 27. a4 Rae8 28.
a5 Bb5 29. Rb2 Qf5 30. Rd1 Ba4 31. Rdb1 Qd3 32. Qb4 Bb5 33. Rf2 Rxe5 34. dxe5
Rxe5 35. h3 Re3 36. Rbf1 g5 37. Qb2 Qxc3 38. Qb1 Bxf1 39. Qg6+ Qg7 40. Qxg7+
Kxg7 41. Kxf1 Kf6 42. Rb2 Re7 {Normal} 0-1

[Event "Rated Blitz tournament Umm2p4Cj"]
[Site "?"]
[Date "2021.06.29"]
[Round "?"]
[White "agro_killer"]
[Black "rofaidah"]
[Result "1-0"]
[WhiteElo "2438"]
[BlackElo "2397"]
[PlyCount "105"]
[EventDate "2021.??.??"]
[EventType "blitz"]

1. e4 e5 2. Nf3 d5 3. Nxe5 Qe7 4. d4 f6 5. Nf3 dxe4 6. Nfd2 Bf5 7. Nc4 Nc6 8.
c3 O-O-O 9. Qb3 Be6 10. Qa4 Kb8 11. Ne3 f5 12. Bb5 f4 13. Bxc6 fxe3 14. Qb5 b6
15. Bxe3 Bc8 16. a4 Bb7 17. Bxb7 Kxb7 18. a5 a6 19. Qb3 Nf6 20. axb6 c6 21. Qc4
Ra8 22. Nd2 Nd5 23. O-O g5 24. Qb3 Nf4 25. Nc4 Qd7 26. Na5+ Kb8 27. b7 Ra7 28.
d5 Rxb7 29. Nxb7 Qxb7 30. Qxb7+ Kxb7 31. dxc6+ Kxc6 32. Bxf4 gxf4 33. Rxa6+ Kb5
34. Ra8 Bg7 35. Rxh8 Bxh8 36. Re1 e3 37. fxe3 Bf6 38. exf4 Be7 39. Re2 Bd6 40.
Kf1 Bc5 41. g3 Kc4 42. Kg2 Kd3 43. Kf3 Bb6 44. h3 Bc5 45. g4 Bb6 46. f5 Bc5 47.
g5 Bb6 48. f6 Bc5 49. Re5 Bf8 50. Re8 Kc4 51. f7 Bg7 52. Rg8 Bf8 53. Rxf8 {
Normal} 1-0

[Event "Rated Blitz game"]
[Site "?"]
[Date "2021.06.29"]
[Round "?"]
[White "damoma"]
[Black "Engvangchess"]
[Result "1-0"]
[WhiteElo "2509"]
[BlackElo "2335"]
[PlyCount "39"]
[EventDate "2021.??.??"]
[EventType "blitz"]

1. e4 e5 2. Nf3 d5 3. exd5 Bd6 4. c4 Nf6 5. Nc3 O-O 6. Be2 e4 7. Nd4 Qe7 8. d3
c5 9. Ndb5 exd3 10. Qxd3 Be5 11. d6 Qd8 12. Nc7 Bxd6 13. Nxa8 Nc6 14. Bg5 Nb4
15. Qd2 Bf5 16. O-O h6 17. Bf4 Bxf4 18. Qxf4 Bg6 19. Nc7 Nc2 20. Rad1 {Normal}
1-0

[Event "Rated Blitz game"]
[Site "?"]
[Date "2021.06.29"]
[Round "?"]
[White "SevanB"]
[Black "Fantastic_power06"]
[Result "1-0"]
[WhiteElo "2520"]
[BlackElo "2665"]
[PlyCount "23"]
[EventDate "2021.??.??"]
[EventType "blitz"]

1. e4 e5 2. Nf3 d5 3. d4 dxe4 4. Nxe5 Bd6 5. Nc4 Nc6 6. Be3 Bf5 7. Nbd2 Nf6 8.
h3 Nd5 9. Nxd6+ Qxd6 10. Nc4 Qb4+ 11. c3 Qxb2 12. Nxb2 {Normal} 1-0

[Event "Rated Blitz tournament RE9wZyFZ"]
[Site "?"]
[Date "2021.06.29"]
[Round "?"]
[White "muhammadrizkyakhbar"]
[Black "om_gendut"]
[Result "1/2-1/2"]
[WhiteElo "2304"]
[BlackElo "2417"]
[PlyCount "21"]
[EventDate "2021.??.??"]
[EventType "blitz"]

1. e4 e5 2. Nf3 d5 3. d4 dxe4 4. Nxe5 Bd6 5. Nc4 Be7 6. Be3 Nf6 7. h3 O-O 8.
Nc3 Bf5 9. Be2 Nbd7 10. Qd2 Nb6 11. g4 {Normal} 1/2-1/2

[Event "Rated Blitz game"]
[Site "?"]
[Date "2021.06.29"]
[Round "?"]
[White "mr_terminator07"]
[Black "annaly1979"]
[Result "1-0"]
[WhiteElo "2468"]
[BlackElo "2428"]
[PlyCount "57"]
[EventDate "2021.??.??"]
[EventType "blitz"]

1. e4 e5 2. Nf3 d5 3. exd5 e4 4. Nd4 c5 5. Ne2 f5 6. g3 Nf6 7. Bg2 Bd6 8. c4
O-O 9. Nbc3 a6 10. d3 Re8 11. O-O Nbd7 12. dxe4 fxe4 13. Bf4 Qc7 14. Qc2 Be5
15. Nxe4 Nxe4 16. Bxe4 Nf6 17. Bg2 Bg4 18. Bxe5 Qxe5 19. Nf4 Rad8 20. h3 Bf5
21. Qd2 Ne4 22. Bxe4 Qxe4 23. Rfe1 Qf3 24. Re3 Rxe3 25. Qxe3 Qxe3 26. fxe3 Re8
27. Kf2 b5 28. g4 Bd3 29. Nxd3 {Normal} 1-0

[Event "Rated Blitz game"]
[Site "?"]
[Date "2021.06.29"]
[Round "?"]
[White "Parkrunner2038"]
[Black "alaeldin112"]
[Result "1-0"]
[WhiteElo "2431"]
[BlackElo "2296"]
[PlyCount "63"]
[EventDate "2021.??.??"]
[EventType "blitz"]

1. e4 e5 2. Nf3 d5 3. exd5 e4 4. Qe2 Nf6 5. Nc3 Be7 6. Nxe4 O-O 7. Nxf6+ Bxf6
8. Qd1 Re8+ 9. Be2 Qxd5 10. O-O Nc6 11. d3 Bg4 12. h3 Bh5 13. c3 Ne5 14. Be3
Bxf3 15. Bxf3 Qxd3 16. Qxd3 Nxd3 17. Bxb7 Rab8 18. Bc6 Re6 19. Bf3 Rb3 20. axb3
Nxb2 21. Rxa7 h6 22. Rxc7 Be5 23. Rc8+ Kh7 24. Bd5 Re7 25. Bd4 Bxd4 26. cxd4
Rd7 27. Be4+ g6 28. d5 f5 29. Bc2 Rxd5 30. Rb1 Nd3 31. Bxd3 Rxd3 32. b4 {Normal
} 1-0

[Event "Rated Blitz game"]
[Site "?"]
[Date "2021.06.29"]
[Round "?"]
[White "Stas-2444"]
[Black "Erow"]
[Result "0-1"]
[WhiteElo "2637"]
[BlackElo "2763"]
[PlyCount "90"]
[EventDate "2021.??.??"]
[EventType "blitz"]

1. e4 e5 2. Nf3 d5 3. exd5 e4 4. Qe2 Nf6 5. Nc3 Be7 6. Nxe4 O-O 7. Nxf6+ Bxf6
8. Qd1 Qxd5 9. Be2 Nc6 10. O-O Re8 11. c3 Bg4 12. d4 Rad8 13. h3 Bh5 14. Bf4
Qd7 15. Re1 Ne7 16. Ne5 Bxe5 17. Bxe5 Bg6 18. Bf3 Nc6 19. Bg3 h6 20. Qb3 Na5
21. Qb4 b6 22. Rad1 Kh7 23. h4 h5 24. Bf4 f6 25. Rxe8 Rxe8 26. c4 Be4 27. Bxh5
g6 28. Bf3 Bxf3 29. gxf3 c5 30. Qc3 Nc6 31. d5 Nd4 32. Rxd4 cxd4 33. Qxd4 Qf5
34. Kg2 Re1 35. d6 Qb1 36. Bh2 Rd1 37. Qxf6 Qf5 38. Qe7+ Kg8 39. Be5 Qf7 40.
Qd8+ Qf8 41. Qg5 Qf5 42. Qd8+ Qf8 43. Qg5 Qf5 44. Qg4 Qxe5 45. Qxg6+ Qg7 {
Normal} 0-1

[Event "Rated Blitz game"]
[Site "?"]
[Date "2021.06.29"]
[Round "?"]
[White "MVPRodgers"]
[Black "KinzyabulatovRenat"]
[Result "0-1"]
[WhiteElo "2551"]
[BlackElo "2441"]
[PlyCount "86"]
[EventDate "2021.??.??"]
[EventType "blitz"]

1. e4 e5 2. Nf3 d5 3. Nxe5 Bd6 4. d4 dxe4 5. Nc4 Be7 6. Nc3 Nf6 7. Be2 Nc6 8.
Be3 Nb4 9. Nd2 Bf5 10. O-O O-O 11. a3 Nbd5 12. Nxd5 Nxd5 13. c4 Nxe3 14. fxe3
Bg6 15. b4 a5 16. c5 b6 17. Bh5 Bxh5 18. Qxh5 axb4 19. axb4 Rxa1 20. Rxa1 bxc5
21. bxc5 g6 22. Qe2 f5 23. Nc4 Qd5 24. Ra7 Ra8 25. Rxa8+ Qxa8 26. h3 Qa6 27.
Qc2 Kg7 28. Ne5 Bf6 29. Qc4 Qa1+ 30. Kh2 Bxe5+ 31. dxe5 Qxe5+ 32. Kg1 c6 33.
Qb4 Qd5 34. Qc3+ Kh6 35. Kh2 Kh5 36. Qg7 h6 37. Qf6 Qxc5 38. g4+ fxg4 39. hxg4+
Kxg4 40. Qxg6+ Kf3 41. Qxh6 Qxe3 42. Qxc6 Qf2+ 43. Kh3 Qg3# {Normal} 0-1

[Event "Rated Blitz game"]
[Site "?"]
[Date "2021.06.28"]
[Round "?"]
[White "Master_Yoda1993"]
[Black "annaly1979"]
[Result "0-1"]
[WhiteElo "2411"]
[BlackElo "2407"]
[PlyCount "142"]
[EventDate "2021.??.??"]
[EventType "blitz"]

1. e4 e5 2. Nf3 d5 3. exd5 e4 4. Ne5 Bd6 5. Nc4 Nf6 6. Nc3 h6 7. d4 O-O 8. Be2
Bf5 9. O-O a6 10. Ne3 Bg6 11. a3 Nbd7 12. b4 Re8 13. Bc4 b5 14. Bb3 Nf8 15. Ne2
N8h7 16. c3 Ng5 17. Ng3 Qd7 18. a4 Ngh7 19. axb5 axb5 20. Rxa8 Rxa8 21. Bd2 h5
22. f4 h4 23. Ne2 Bh5 24. Qe1 Ra3 25. Nc1 Ng4 26. Qxh4 Nhf6 27. h3 Nxe3 28.
Bxe3 Be2 29. Re1 Bd3 30. g4 Nh7 31. f5 Be7 32. Qf2 Qd8 33. Nxd3 exd3 34. Qb2
Ra8 35. Qd2 Bh4 36. Rb1 Bg5 37. Qxd3 Bxe3+ 38. Qxe3 Qh4 39. Kg2 Nf6 40. Qg3
Qxg3+ 41. Kxg3 Ne4+ 42. Kf4 Nxc3 43. Rb2 Ra1 44. Rc2 Na4 45. Bxa4 bxa4 46. Rxc7
a3 47. d6 Rd1 48. Ke5 a2 49. Ra7 Re1+ 50. Kd5 a1=Q 51. Rxa1 Rxa1 52. d7 Ra8 53.
Kd6 Kf8 54. Kc7 Ke7 55. d8=Q+ Rxd8 56. b5 Rxd4 57. b6 Rb4 58. b7 Rc4+ 59. Kb6
Rb4+ 60. Kc6 Kf6 61. Kc7 Kg5 62. b8=Q Rxb8 63. Kxb8 Kh4 64. Kc7 Kxh3 65. g5 Kg4
66. f6 gxf6 67. gxf6 Kf5 68. Kd6 Kxf6 69. Kd5 Kf5 70. Kd4 Kf4 71. Kd3 Kf3 {
Time forfeit} 0-1

[Event "Rated Blitz game"]
[Site "?"]
[Date "2021.06.28"]
[Round "?"]
[White "judineptune"]
[Black "annaly1979"]
[Result "0-1"]
[WhiteElo "2423"]
[BlackElo "2415"]
[PlyCount "60"]
[EventDate "2021.??.??"]
[EventType "blitz"]

1. e4 e5 2. Nf3 d5 3. exd5 e4 4. Qe2 f5 5. Nc3 Nf6 6. d3 Bb4 7. dxe4 Bxc3+ 8.
bxc3 fxe4 9. Nd4 O-O 10. c4 c5 11. Nb3 Bf5 12. Bb2 a6 13. O-O-O Nbd7 14. h3 Bg6
15. g4 b5 16. Bg2 bxc4 17. Qxc4 Nb6 18. Qxc5 Rc8 19. Qd4 e3 20. Bc3 Rc4 21.
Qxe3 Na4 22. Bxf6 Qxf6 23. Nd4 Rfc8 24. Rd2 Rxd4 25. Qxd4 Rxc2+ 26. Kd1 Nc3+
27. Ke1 Rc1+ 28. Rd1 Rxd1+ 29. Qxd1 Nxd1 30. Kxd1 Qd4+ {Normal} 0-1

[Event "Rated Blitz game"]
[Site "?"]
[Date "2021.06.28"]
[Round "?"]
[White "Jadoubovic11"]
[Black "blastol"]
[Result "0-1"]
[WhiteElo "2404"]
[BlackElo "2444"]
[PlyCount "30"]
[EventDate "2021.??.??"]
[EventType "blitz"]

1. e4 e5 2. Nf3 d5 3. exd5 Bd6 4. d3 f5 5. Nc3 Nf6 6. Bg5 O-O 7. Qd2 a6 8.
O-O-O b5 9. Kb1 b4 10. Na4 Bd7 11. b3 Bxa4 12. bxa4 Qe8 13. d4 Ne4 14. Qc1 Nc3+
15. Ka1 Qxa4 {Normal} 0-1

[Event "Rated Blitz game"]
[Site "?"]
[Date "2021.06.28"]
[Round "?"]
[White "ChrisPaul3"]
[Black "annaly1979"]
[Result "1-0"]
[WhiteElo "2489"]
[BlackElo "2403"]
[PlyCount "75"]
[EventDate "2021.??.??"]
[EventType "blitz"]

1. e4 e5 2. Nf3 d5 3. d4 dxe4 4. Nxe5 Bd6 5. Nc4 Nf6 6. Nxd6+ cxd6 7. c4 O-O 8.
Nc3 h6 9. Be2 Bf5 10. Be3 Nc6 11. d5 Ne5 12. O-O Rc8 13. b3 a6 14. a4 Qa5 15.
Qd2 Qd8 16. a5 Nfg4 17. Bd4 Qh4 18. h3 Nf3+ 19. Bxf3 exf3 20. Qf4 fxg2 21. Kxg2
Bd7 22. hxg4 Bxg4 23. Qg3 Bh3+ 24. Qxh3 Qxd4 25. Rad1 Qf6 26. Ne4 Qg6+ 27. Ng3
Rce8 28. Qf5 h5 29. Rfe1 h4 30. Qxg6 fxg6 31. Ne4 Rf4 32. f3 Re5 33. Nxd6 Rg5+
34. Kf2 Rg3 35. Re8+ Kh7 36. Rd3 g5 37. Ne4 Rh3 38. Nxg5+ {Normal} 1-0

[Event "Rated Rapid game"]
[Site "?"]
[Date "2021.06.28"]
[Round "?"]
[White "M0_mO_564"]
[Black "AnupDeshmukh"]
[Result "0-1"]
[WhiteElo "2220"]
[BlackElo "2498"]
[PlyCount "78"]
[EventDate "2021.??.??"]
[EventType "rapid"]

1. e4 e5 2. Nf3 d5 3. exd5 e4 4. Qe2 Nf6 5. d3 Bc5 6. dxe4 O-O 7. Nc3 Re8 8.
Bg5 Bb4 9. Qd3 Nxe4 10. Bxd8 Nxc3+ 11. Kd2 Ne4+ 12. Kc1 Nxf2 13. Qd4 Nxh1 14.
Qxb4 Na6 15. Bxa6 bxa6 16. Bxc7 Nf2 17. b3 Bf5 18. Bg3 Re2 19. Nd4 Rc8 20. c4
Nd3+ 21. Kd1 Rxg2 22. Qe7 Bg4+ 23. Ne2 h5 24. d6 Nc5 25. b4 Ne6 26. d7 Rd8 27.
Qe8+ Kh7 28. Qxf7 Rxe2 29. Kc1 Nd4 30. Qf4 Rxd7 31. Bf2 Rc2+ 32. Kb1 Rxc4 33.
h3 Bf5+ 34. Kb2 Bg6 35. Rd1 Rxb4+ 36. Kc3 Ne2+ 37. Kxb4 Rb7+ 38. Ka5 Nxf4 39.
Kxa6 Rb2 {Normal} 0-1

[Event "Rated Blitz game"]
[Site "?"]
[Date "2021.06.28"]
[Round "?"]
[White "Its_only_me"]
[Black "Dzon_Vejn"]
[Result "1-0"]
[WhiteElo "2389"]
[BlackElo "2448"]
[PlyCount "61"]
[EventDate "2021.??.??"]
[EventType "blitz"]

1. e4 e5 2. Nf3 d5 3. exd5 e4 4. Qe2 Nf6 5. d3 Qxd5 6. Nbd2 Bf5 7. dxe4 Nxe4 8.
Ng5 Bb4 9. c3 O-O 10. Ngxe4 Nc6 11. Qc4 Qe5 12. Bd3 Bd6 13. g3 Bxe4 14. Qxe4
Qh5 15. O-O Rae8 16. Qf5 Qxf5 17. Bxf5 g6 18. Bd7 Re2 19. Bxc6 bxc6 20. Nc4
Rfe8 21. Be3 a6 22. Rad1 Bf8 23. Rd2 Rxd2 24. Nxd2 h5 25. Nc4 f6 26. Rd1 Be7
27. Rd7 Bd8 28. Kg2 h4 29. gxh4 f5 30. Bg5 Bxg5 31. hxg5 {Normal} 1-0

[Event "Rated Blitz game"]
[Site "?"]
[Date "2021.06.28"]
[Round "?"]
[White "Puertoplatasoy1969"]
[Black "BelleTanukiYsa"]
[Result "0-1"]
[WhiteElo "2398"]
[BlackElo "2559"]
[PlyCount "42"]
[EventDate "2021.??.??"]
[EventType "blitz"]

1. e4 e5 2. Nf3 d5 3. exd5 e4 4. Qe2 Be7 5. Qxe4 Nf6 6. Qa4+ Kf8 7. c4 c6 8.
dxc6 Nxc6 9. Be2 Bc5 10. O-O h5 11. a3 h4 12. b4 Bd4 13. Nc3 h3 14. g3 Ne4 15.
Nxd4 Nxd4 16. Bd1 Bf5 17. Nxe4 Bxe4 18. f3 Nxf3+ 19. Rxf3 Bxf3 20. Bb2 Qxd2 21.
Qc2 Qe1# {Normal} 0-1

[Event "Rated Blitz game"]
[Site "?"]
[Date "2021.06.28"]
[Round "?"]
[White "jamshah12345"]
[Black "makeouthiillll"]
[Result "0-1"]
[WhiteElo "2369"]
[BlackElo "2402"]
[PlyCount "40"]
[EventDate "2021.??.??"]
[EventType "blitz"]

1. e4 e5 2. Nf3 d5 3. exd5 e4 4. Qe2 Nf6 5. Nc3 Be7 6. Nxe4 Nxd5 7. d4 O-O 8.
Qd1 Bb4+ 9. c3 Re8 10. cxb4 Rxe4+ 11. Be2 Qe8 12. a3 Bg4 13. Kf1 Nc6 14. Bb5
Bxf3 15. gxf3 Rh4 16. Bd2 Qe6 17. Bc3 Qh3+ 18. Ke2 Re8+ 19. Kd3 Qg2 20. Kc2
Ne3+ {Normal} 0-1

[Event "Rated Blitz game"]
[Site "?"]
[Date "2021.06.28"]
[Round "?"]
[White "RCSA007"]
[Black "artsportscience"]
[Result "1/2-1/2"]
[WhiteElo "2493"]
[BlackElo "2406"]
[PlyCount "128"]
[EventDate "2021.??.??"]
[EventType "blitz"]

1. e4 e5 2. Nf3 d5 3. exd5 e4 4. Qe2 Nf6 5. Nc3 Be7 6. Nxe4 O-O 7. Nxf6+ Bxf6
8. d4 Re8 9. Be3 Qxd5 10. Qb5 Qd8 11. Be2 Nc6 12. c3 a6 13. Qb3 b5 14. Rd1 Bb7
15. O-O Ne7 16. Ne5 Nd5 17. c4 Nxe3 18. fxe3 Bxe5 19. dxe5 Qg5 20. Bf3 Bxf3 21.
Rxf3 Qxe5 22. cxb5 Qe6 23. Qxe6 Rxe6 24. bxa6 Rexa6 25. a3 Rb6 26. Rf2 c5 27.
Rd7 f6 28. Rc7 Rab8 29. Rd2 R6b7 30. Rxb7 Rxb7 31. Kf2 Kf8 32. Ke2 Ke7 33. Kd3
Kd6 34. Kc4+ Kc6 35. b3 Re7 36. Rd3 Re4+ 37. Kc3 g5 38. Kd2 h5 39. Rc3 Kd5 40.
Kd3 Rg4 41. Rc2 f5 42. a4 h4 43. a5 Rb4 44. a6 Rb8 45. a7 Ra8 46. Ra2 Kc6 47.
Kc4 Kb6 48. Kd5 Kb5 49. Ke5 Kb4 50. Kxf5 Kxb3 51. Ra6 c4 52. e4 c3 53. Rb6+ Ka2
54. e5 c2 55. Rc6 Kb2 56. Kxg5 c1=Q+ 57. Rxc1 Kxc1 58. e6 Rxa7 59. Kf6 Kd2 60.
e7 Rxe7 61. Kxe7 Ke3 62. Kf6 Kf2 63. g4 hxg3 64. hxg3 Kxg3 {Normal} 1/2-1/2

[Event "Rated Blitz tournament zQgDNPRJ"]
[Site "?"]
[Date "2021.06.28"]
[Round "?"]
[White "sasha_solovev_777"]
[Black "InvisibleKoT"]
[Result "0-1"]
[WhiteElo "2300"]
[BlackElo "2508"]
[PlyCount "55"]
[EventDate "2021.??.??"]
[EventType "blitz"]

1. e4 e5 2. Nf3 d5 3. Nxe5 Bd6 4. d4 dxe4 5. Bc4 Bxe5 6. dxe5 Qxd1+ 7. Kxd1 Nc6
8. Bf4 Bg4+ 9. Kc1 O-O-O 10. Nc3 f6 11. Nxe4 Rd4 12. Bd3 f5 13. Be3 fxe4 14.
Bxd4 exd3 15. c3 Nge7 16. f3 Bf5 17. Kd2 Rd8 18. Bc5 Ng6 19. g4 Be6 20. h3 b6
21. Bd4 Ncxe5 22. Bxe5 Nxe5 23. Rhf1 Nc4+ 24. Kc1 Ne3 25. Rf2 Nc4 26. b3 d2+
27. Kc2 Ne3+ 28. Kb2 {Normal} 0-1

[Event "Rated Blitz game"]
[Site "?"]
[Date "2021.06.28"]
[Round "?"]
[White "AMR25"]
[Black "annaly1979"]
[Result "1-0"]
[WhiteElo "2488"]
[BlackElo "2435"]
[PlyCount "109"]
[EventDate "2021.??.??"]
[EventType "blitz"]

1. e4 e5 2. Nf3 d5 3. Nc3 dxe4 4. Nxe4 f5 5. Ng3 e4 6. Ne5 Nf6 7. d4 Be6 8. Bc4
Bxc4 9. Nxc4 Qc8 10. Bg5 Be7 11. c3 Qe6 12. Qb3 Nbd7 13. O-O O-O 14. f3 b5 15.
Na5 Qxb3 16. axb3 h6 17. Bxf6 Nxf6 18. Nxf5 Bd6 19. Nb7 exf3 20. Rxf3 Ne4 21.
Re1 Ng5 22. Rff1 a5 23. Nfxd6 cxd6 24. Nxd6 a4 25. bxa4 bxa4 26. Rxf8+ Kxf8 27.
h4 Nh7 28. Nb5 Nf6 29. Re2 Nd5 30. Kf2 Nf4 31. Rd2 Ke7 32. d5 Ra5 33. c4 Kd7
34. Kf3 Ng6 35. Ke4 Nxh4 36. g3 Ng6 37. Rf2 Ke7 38. Kd4 Nf8 39. Re2+ Kd8 40.
Nc3 Nd7 41. Rf2 a3 42. bxa3 Rxa3 43. Rf7 g5 44. Rh7 Ra1 45. Rxh6 Rg1 46. Nb5
Rxg3 47. Nd6 Rg4+ 48. Ne4 Ke7 49. Re6+ Kf7 50. c5 Nf8 51. Re5 Ng6 52. Rxg5 Rf4
53. Rg1 Ne7 54. d6 Nc6+ 55. Kd5 {Time forfeit} 1-0

[Event "Rated Blitz game"]
[Site "?"]
[Date "2021.06.28"]
[Round "?"]
[White "riserman"]
[Black "KinzyabulatovRenat"]
[Result "1-0"]
[WhiteElo "2433"]
[BlackElo "2352"]
[PlyCount "83"]
[EventDate "2021.??.??"]
[EventType "blitz"]

1. e4 e5 2. Nf3 d5 3. exd5 e4 4. Qe2 Nf6 5. d3 Qxd5 6. Nc3 Bb4 7. dxe4 Qxe4 8.
Qxe4+ Nxe4 9. Bd2 Nxd2 10. Nxd2 Bxc3 11. bxc3 O-O 12. O-O-O Be6 13. Kb2 Nd7 14.
f4 Nb6 15. c4 Rfd8 16. Bd3 c5 17. f5 Bd7 18. g4 Bc6 19. Rhe1 Rd4 20. h3 Rad8
21. Nb3 Nxc4+ 22. Kc3 Nb6 23. Nxd4 cxd4+ 24. Kb2 Na4+ 25. Ka1 Nc3 26. Rd2 Bd5
27. Re7 Kf8 28. Rc7 Bc6 29. Bc4 Nd5 30. Rxd4 Nxc7 31. Rxd8+ Ke7 32. Rd4 b5 33.
Bb3 a5 34. a4 b4 35. g5 f6 36. gxf6+ gxf6 37. Rh4 Be4 38. Rxh7+ Kd6 39. Rf7
Bxf5 40. Rxf6+ Ke5 41. Rc6 Ne8 42. h4 {Normal} 1-0

[Event "Rated Blitz game"]
[Site "?"]
[Date "2021.06.28"]
[Round "?"]
[White "SirBasilGolightly"]
[Black "GrandeGila"]
[Result "0-1"]
[WhiteElo "2471"]
[BlackElo "2521"]
[PlyCount "48"]
[EventDate "2021.??.??"]
[EventType "blitz"]

1. e4 e5 2. Nf3 d5 3. Nxe5 Bd6 4. d4 dxe4 5. Bc4 Bxe5 6. dxe5 Qxd1+ 7. Kxd1 Nc6
8. Re1 Nge7 9. Rxe4 Bf5 10. Re1 O-O-O+ 11. Bd2 Ng6 12. Kc1 Ngxe5 13. Bb3 f6 14.
Nc3 Nd4 15. Be3 Nxb3+ 16. axb3 a6 17. h3 h5 18. f4 Nc6 19. Ra4 Rhe8 20. Bd2
Rxe1+ 21. Bxe1 Nd4 22. Bf2 Nxc2 23. g4 hxg4 24. hxg4 Bd3 {Normal} 0-1

[Event "Rated Blitz game"]
[Site "?"]
[Date "2021.06.28"]
[Round "?"]
[White "Sharkanto"]
[Black "annaly1979"]
[Result "0-1"]
[WhiteElo "2595"]
[BlackElo "2425"]
[PlyCount "45"]
[EventDate "2021.??.??"]
[EventType "blitz"]

1. e4 e5 2. Nf3 d5 3. exd5 e4 4. Qe2 f5 5. d3 Nf6 6. Nfd2 Be7 7. dxe4 fxe4 8.
Nxe4 Nxe4 9. Qxe4 O-O 10. Be3 Bf5 11. Qc4 Bd6 12. Nd2 Nd7 13. O-O-O b5 14. Qxb5
Rb8 15. Qa5 Ne5 16. h3 Qf6 17. Qc3 Bb4 18. Qd4 Bc5 19. Qc3 Bb4 20. Qd4 Bc5 21.
Ne4 Bxe4 22. Qxc5 Rxb2 23. Qc3 {Normal} 0-1

[Event "Rated Blitz game"]
[Site "?"]
[Date "2021.06.28"]
[Round "?"]
[White "VinzentSpitzl"]
[Black "KinzyabulatovRenat"]
[Result "0-1"]
[WhiteElo "2478"]
[BlackElo "2360"]
[PlyCount "52"]
[EventDate "2021.??.??"]
[EventType "blitz"]

1. e4 e5 2. Nf3 d5 3. exd5 e4 4. Ne5 Qxd5 5. Nc4 Nc6 6. Ne3 Qa5 7. Nc3 Nf6 8.
d4 Be6 9. Nc4 Bxc4 10. Bxc4 O-O-O 11. Be3 Bc5 12. d5 Bxe3 13. fxe3 Qc5 14. Qe2
Ne5 15. Bb3 Neg4 16. O-O Nxe3 17. Na4 Qd4 18. c3 Qd3 19. Qxd3 exd3 20. Rf3 Rhe8
21. Nc5 d2 22. Rf2 b6 23. Nd3 Ne4 24. Rxf7 Nxd5 25. Bxd5 Rxd5 26. Nb4 d1=Q+ {
Normal} 0-1

[Event "Rated Rapid game"]
[Site "?"]
[Date "2021.06.28"]
[Round "?"]
[White "java45"]
[Black "eagle123123"]
[Result "1/2-1/2"]
[WhiteElo "2423"]
[BlackElo "2350"]
[PlyCount "103"]
[EventDate "2021.??.??"]
[EventType "rapid"]

1. e4 e5 2. Nf3 d5 3. d4 dxe4 4. Nxe5 Bd6 5. Bb5+ c6 6. Bc4 Bxe5 7. dxe5 Qxd1+
8. Kxd1 Ne7 9. Re1 Bg4+ 10. Be2 Bf5 11. Nc3 Nd7 12. g4 Bg6 13. Bf4 O-O-O 14.
Kc1 Nd5 15. Nxd5 cxd5 16. Bg5 f6 17. exf6 gxf6 18. Bf4 h5 19. gxh5 Bxh5 20.
Bxh5 Rxh5 21. Kd2 Ne5 22. Bxe5 fxe5 23. Rh1 Rdh8 24. Rag1 Rxh2 25. Rxh2 Rxh2
26. Ke1 e3 27. fxe3 Rxc2 28. Rg5 d4 29. Rxe5 Rxb2 30. exd4 Rxa2 31. Rc5+ Kd7
32. Kd1 Kd6 33. Rc4 Kd5 34. Rb4 b6 35. Kc1 Kc6 36. Kb1 Rh2 37. Kc1 a5 38. Rb3
b5 39. d5+ Kc5 40. d6 Rh6 41. d7 Rd6 42. Rc3+ Kb6 43. Kb2 Rxd7 44. Rc8 Rd3 45.
Kc2 Rh3 46. Kb2 a4 47. Ra8 Kc5 48. Rg8 Rh2+ 49. Ka3 Rh3+ 50. Kb2 Rh4 51. Ka3
Rh3+ 52. Kb2 {Normal} 1/2-1/2

[Event "Rated Blitz game"]
[Site "?"]
[Date "2021.06.28"]
[Round "?"]
[White "JoeAssaad"]
[Black "BrilliantGambiteer"]
[Result "1-0"]
[WhiteElo "2509"]
[BlackElo "2431"]
[PlyCount "57"]
[EventDate "2021.??.??"]
[EventType "blitz"]

1. e4 e5 2. Nf3 d5 3. exd5 Bd6 4. Nc3 f5 5. Bb5+ Bd7 6. O-O Nf6 7. Re1 e4 8. d3
Bxb5 9. Nxb5 O-O 10. Ng5 Ng4 11. h3 h6 12. Ne6 Qh4 13. hxg4 Bh2+ 14. Kf1 fxg4
15. Nxf8 Kxf8 16. Rxe4 h5 17. Bf4 Nd7 18. Qd2 Bxf4 19. Qxf4+ Kg8 20. Ke2 Rf8
21. Qg3 Qg5 22. Qe3 Qg6 23. Re1 Nf6 24. Re6 g3 25. Qxg3 Qf7 26. Kd1 Ng4 27. f3
Nf6 28. Qxg7+ Qxg7 29. Rxf6 {Time forfeit} 1-0

[Event "Rated Blitz tournament VVVxXsmp"]
[Site "?"]
[Date "2021.06.28"]
[Round "?"]
[White "fe1907"]
[Black "Secret2700"]
[Result "0-1"]
[WhiteElo "2203"]
[BlackElo "2507"]
[PlyCount "102"]
[EventDate "2021.??.??"]
[EventType "blitz"]

1. e4 e5 2. Nf3 d5 3. Nc3 dxe4 4. Nxe4 f5 5. Ng3 e4 6. Ne5 Bd6 7. Nc4 Nf6 8.
Nxd6+ Qxd6 9. d3 exd3 10. Qxd3 O-O 11. Qxd6 cxd6 12. Bc4+ d5 13. Bd3 Nc6 14.
O-O Ne4 15. f3 Nc5 16. Bxf5 Bxf5 17. c3 Rae8 18. Bd2 Bd3 19. Rfe1 Ba6 20. Re3
Nd3 21. b3 d4 22. cxd4 Nxd4 23. Rd1 Rxe3 24. Bxe3 Nc2 25. Bxa7 Ncb4 26. a3 Nc6
27. Bb6 Re8 28. h3 g6 29. Ne4 Re6 30. Bf2 Nxf2 31. Kxf2 Re7 32. Nf6+ Kg7 33.
Ne4 Ne5 34. Ke3 Nc6 35. Rd6 Na5 36. Rb6 h6 37. Kf2 Nc6 38. b4 Nd4 39. a4 Bd3
40. Nc5 Re2+ 41. Kg1 Bc4 42. Rxb7+ Kf6 43. Nd7+ Kg5 44. Rc7 Be6 45. Rc5+ Kf4
46. Nf6 Bf5 47. Rc4 Kg3 48. Rc1 Rxg2+ 49. Kh1 Nxf3 50. Ng4 Bxg4 51. hxg4 Rh2# {
Normal} 0-1

[Event "Rated Blitz game"]
[Site "?"]
[Date "2021.06.28"]
[Round "?"]
[White "Shaginyan_A"]
[Black "KinzyabulatovRenat"]
[Result "0-1"]
[WhiteElo "2525"]
[BlackElo "2388"]
[PlyCount "66"]
[EventDate "2021.??.??"]
[EventType "blitz"]

1. e4 e5 2. Nf3 d5 3. Nxe5 Bd6 4. d4 dxe4 5. Nc4 Be7 6. Nc3 Nf6 7. Bg5 O-O 8.
Be2 Nc6 9. Be3 Nb4 10. O-O Bf5 11. Ne5 c6 12. h3 h6 13. Bc4 b5 14. Bb3 a5 15.
a3 Nbd5 16. Nxc6 Nxc3 17. bxc3 Qc7 18. Nxe7+ Qxe7 19. a4 bxa4 20. Rxa4 Bd7 21.
Ra1 a4 22. Bc4 Rfc8 23. Qe2 Rc7 24. Bf4 Rc6 25. Bb5 Rxc3 26. Bxd7 Qxd7 27. Rfb1
Qxd4 28. Be3 Qc4 29. Qd2 Rxc2 30. Qd6 Qc6 31. Qg3 Kh7 32. Rb6 Qc7 33. Bf4 Qxb6
{Normal} 0-1

[Event "Rated Blitz game"]
[Site "?"]
[Date "2021.06.28"]
[Round "?"]
[White "Saranghae215"]
[Black "King_bg03"]
[Result "1-0"]
[WhiteElo "2573"]
[BlackElo "2601"]
[PlyCount "87"]
[EventDate "2021.??.??"]
[EventType "blitz"]

1. e4 e5 2. Nf3 d5 3. exd5 e4 4. Qe2 Nf6 5. d3 Qxd5 6. Nfd2 Bg4 7. f3 Be6 8.
Nxe4 Be7 9. Nbc3 Qd8 10. Ng5 Bf5 11. g4 Bg6 12. h4 h5 13. Bf4 O-O 14. O-O-O Nc6
15. d4 Nd5 16. Bd2 Nxd4 17. Qe5 Nb4 18. gxh5 Bxc2 19. h6 Bf6 20. Qc5 Nxa2+ 21.
Nxa2 Nb3+ 22. Kxc2 Nxc5 23. h7+ Kh8 24. Bb4 Qe8 25. Bc4 Qc6 26. Nc3 Na6 27.
Bxf8 Qxc4 28. Ba3 b5 29. Rhe1 b4 30. Re4 Qc6 31. Bxb4 Nxb4+ 32. Rxb4 Bxg5 33.
hxg5 Qxf3 34. g6 Qf5+ 35. Kb3 Qxg6 36. Rh1 a5 37. Rb5 Qe6+ 38. Ka3 a4 39. Rh4
Qe7+ 40. Rhb4 Kxh7 41. Rh5+ Kg8 42. Nd5 Qc5 43. Nf6+ gxf6 44. Rxc5 {Normal} 1-0